01398nam a2200301Ia 4500001001100000003000800011006001900019007001500038008004100053010001700094020001500111040002100126035002100147050002400168100003300192245011900225260004800344300003300392500022100425533015200646610001900798610003300817651006000850655002900910710001700939856012500956999001501081ebr5000336CaPaEBRm u cr cn|||||||||840305r20011864mauc s 000 0 eng d z 04031129  z1582183554 aCaPaEBRcCaPaEBR a(OCoLC)64689071414aE599.A3bS61 2001eb1 aSemmes, Raphael,d1809-1877.14aThe cruise of the Alabama and the Sumterh[electronic resource] /cCommander R. Semmes, C.S.N. and other officers. aScituate, Mass. :bDigital Scanning,c2001. ax, 346 p. :b5 pl. (ports.). aOriginally published: The cruise of the Alabama and the Sumter: From the private journals and other papers of Commander R. Semmes, C.S.N., and other officers. New York: Carleton; London: Saunders, Otley, & Co., 1864. aElectronic reproduction.bPalo Alto, Calif. :cebrary,d2013.nAvailable via World Wide Web.nAccess may be limited to ebrary affiliated libraries.20aAlabama (Ship)20aSumter (Confederate cruiser) 0aUnited StatesxHistoryyCivil War, 1861-1865xWarships. 7aElectronic books.2local2 aebrary, Inc.40uhttp://site.ebrary.com/lib/rucke/Doc?id=5000336zAn electronic book accessible through the World Wide Web; click to view c2768d2768